<?xml version="1.0" encoding="UTF-8"?>
<record
    xmlns:xsi="http://www.w3.org/2001/XMLSchema-instance"
    xsi:schemaLocation="http://www.loc.gov/MARC21/slim http://www.loc.gov/standards/marcxml/schema/MARC21slim.xsd"
    xmlns="http://www.loc.gov/MARC21/slim">

  <leader>00869nam a2200217Ia 4500</leader>
  <controlfield tag="003">OSt</controlfield>
  <controlfield tag="005">20250811095159.0</controlfield>
  <controlfield tag="008">210210b2012   xxu||||| |||| 00| 0 eng d</controlfield>
  <datafield tag="040" ind1=" " ind2=" ">
    <subfield code="c">AL</subfield>
  </datafield>
  <datafield tag="041" ind1=" " ind2=" ">
    <subfield code="a">Tulu</subfield>
  </datafield>
  <datafield tag="082" ind1=" " ind2=" ">
    <subfield code="a">T894.301 RADS</subfield>
  </datafield>
  <datafield tag="100" ind1=" " ind2=" ">
    <subfield code="a">RADHAKRASHNA (K E)</subfield>
    <subfield code="d">&#xCB0;&#xCBE;&#xCA7;&#xCBE;&#xC95;&#xCC3;&#xCB7;&#xCCD;&#xCA3; (&#xC95;&#xCC6; &#xC87;)</subfield>
    <subfield code="9">234979</subfield>
  </datafield>
  <datafield tag="245" ind1=" " ind2=" ">
    <subfield code="a">Satyappe balelu</subfield>
    <subfield code="b">&#xCB8;&#xCA4;&#xCCD;&#xCAF;&#xCAA;&#xCCD;&#xCAA;&#xCC6; &#xCAC;&#xCBE;&#xCB2;&#xCC6;&#xCB2;&#xCC1; </subfield>
  </datafield>
  <datafield tag="260" ind1=" " ind2=" ">
    <subfield code="a">MangaLUru</subfield>
    <subfield code="b">-</subfield>
    <subfield code="c">2012</subfield>
  </datafield>
  <datafield tag="300" ind1=" " ind2=" ">
    <subfield code="a">150</subfield>
  </datafield>
  <datafield tag="520" ind1=" " ind2=" ">
    <subfield code="a">&#xCAC;&#xCC2;&#xC95;&#xCC1;&#xCA6; &#xC89;&#xCB3;&#xCAF;&#xCBF;

1.&#xC85;&#xC9C;&#xCCD;&#xC9C;&#xCBF; &#xCAA;&#xCC6;&#xCA6;&#xCCD;&#xCA6;&#xCBE;&#xCAF;&#xCBF;&#xCA8;
2.&#xC89;&#xCB0;&#xCBF; &#xCAE;&#xCB0;&#xCCD;&#xCB2;&#xCCD; &#xCAA;&#xC82;&#xC9C;&#xCC1;&#xCB0;&#xCCD;&#xCB2;&#xCBF; &#xCA6;&#xCC7;&#xCB5;&#xCC6;&#xCB0;&#xCC7;
3.&#xCB6;&#xCBE;&#xCB0;&#xCCD;&#xCA6;&#xCCA;
4.&#xC95;&#xCCA;&#xC9C;&#xCBF;&#xCAA;&#xCCD;&#xCAA;&#xCC1;
5.&#xCB8;&#xCA4;&#xCCD;&#xCAF;&#xCAA;&#xCCD;&#xCAA;&#xCC6; &#xCAC;&#xCBE;&#xCB2;&#xCC6;&#xCB3;&#xCC1;
6.&#xC92;&#xC82;&#xC9C;&#xCBF; &#xC95;&#xCA5;&#xCC6;</subfield>
  </datafield>
  <datafield tag="650" ind1=" " ind2=" ">
    <subfield code="a">Bundle of Tulu short stories</subfield>
    <subfield code="9">234980</subfield>
  </datafield>
  <datafield tag="690" ind1=" " ind2=" ">
    <subfield code="a">Tulu Fiction</subfield>
    <subfield code="9">234981</subfield>
  </datafield>
  <datafield tag="906" ind1=" " ind2=" ">
    <subfield code="a">067271</subfield>
  </datafield>
  <datafield tag="942" ind1=" " ind2=" ">
    <subfield code="2">ddc</subfield>
    <subfield code="c">BK</subfield>
  </datafield>
  <datafield tag="999" ind1=" " ind2=" ">
    <subfield code="c">149577</subfield>
    <subfield code="d">149577</subfield>
  </datafield>
  <datafield tag="952" ind1=" " ind2=" ">
    <subfield code="0">0</subfield>
    <subfield code="1">0</subfield>
    <subfield code="2">ddc</subfield>
    <subfield code="4">0</subfield>
    <subfield code="7">0</subfield>
    <subfield code="8">Tulu</subfield>
    <subfield code="a">AL</subfield>
    <subfield code="b">AL</subfield>
    <subfield code="c">SK</subfield>
    <subfield code="d">2021-02-17</subfield>
    <subfield code="e">Aakrithi Aashaya Publications, Mangalore-1</subfield>
    <subfield code="g">110.00</subfield>
    <subfield code="l">0</subfield>
    <subfield code="o">T894.301 RADS</subfield>
    <subfield code="p">067271</subfield>
    <subfield code="r">2021-02-17 00:00:00</subfield>
    <subfield code="w">2021-02-17</subfield>
    <subfield code="y">BK</subfield>
  </datafield>
</record>
